000 00450nam a2200169Ia 4500
003 GCL
008 140319s9999 xx 000 0 ara d
040 _aGCL /
_cGCL
082 0 4 _a811.7
_bع ن
100 1 _aعوض الغبارى
245 1 0 _aنقد الشعر فى مصر الاسلامية /
_cعوض الغبارى
300 _a543 ص
490 _a
650 0 4 _aالشعر العربى
650 0 4 _aتاريخ ونقد
942 _2ddc
_cBK
999 _c44356
_d44356